| 000 | 00544nam a22001817a 4500 | ||
|---|---|---|---|
| 999 |
_c172564 _d172564 |
||
| 005 | 20200207110445.0 | ||
| 010 | _aENG-127669 | ||
| 020 |
_a9789384061678 _c499.00 |
||
| 035 | _aEN-111201 | ||
| 037 | _bDBAD/PUB | ||
| 082 | _a158.1 | ||
| 100 | _aChabria,Yogesh | ||
| 245 |
_aSucceed the Happionaire Way / _bby Yogesh Chabria |
||
| 260 |
_aMumbai _bBestsellers18 _c2017 |
||
| 270 |
_bMumbai _aB-23,Royal Industrial Estate,5-B, Naigun Cross Road,Wadala _e400013 |
||
| 300 |
_a180p. _b21cm(hb) |
||
| 942 |
_2ddc _cEN _h158.1 _mCHA |
||